000 00325nam a2200133Ia 4500
005 20260328101516.0
008 260328s9999||||xx |||||||||||||| ||und||
100 _aDamaz, Paul F.
245 0 _aArt in European Architecture /
_cPaul F. Damaz
260 _bReinhold
300 _a228 p.
650 _aARQUITECTURA
942 _cBK
999 _c9369
_d9369